000 00690nam a2200241Ia 4500
003 OSt
005 20220923213802.0
006 a|||||r|||| 00| 0
007 ta
008 220922b |||||||| |||| 00| 0 hin d
024 _a164,506
037 _cTextual
040 _aARTS
_cARTS
_bhin
041 _2hin
_ahin
082 _aO152,1N234x, J3
100 _aशर्मा, राजेन्द्र
245 0 _aमंगल गीत
246 _ahingal gīta
260 _c1953
650 _aहिन्दी साहित्य
_9156264
942 _hO152,1N234x, J3
_cTEXL
_2CC
999 _c318986
_d318986